Geography Quiz Very Easy - Statistics

General Stats
  • This quiz has been taken 108 times
    80 since last reset
  • The average score is 17 of 21
Answer Stats
Hint Answer % Correct
Biggest country in the world by population China
99%
Name a country with a population of more than 300 million China/India/United States
99%
Biggest country in the world by area Russia
99%
In which country are the great pyramids located? Egypt
96%
Capital of UK London
96%
Tallest mountain in the world Mount Everest
96%
Is England a city? No
94%
Is Palestine a country? No
94%
How many time zones are in the UK? 3 (Greenwich Median Time, British Summer Time, Gibraltar)
93%
Sudan is in which continent? Africa
93%
Which continent has the highest population? Asia
93%
Smallest country in the world by area & population Vatican City
91%
Capital of China Beijing
87%
Capital of Australia Canberra
76%
What currency does Japan use? Japanese Yen
73%
What is the largest country in Africa by size? Algeria
66%
US state that Donald Trump was born in New York
60%
Volcano that erupted and destroyed Pompeii Mount Vesuvius
58%
Which country gained independence in 2010? South Sudan
57%
Country that famous YouTuber Jacksepticeye was born in Ireland
45%
Tallest mountain in the UK Ben Nevis
31%
No matching quizzes found
Score Distribution
Percent of People with Each Score
Percentile by Number Answered
Your Score History
You have not taken this quiz since the last reset